The shaping of a battle: Gettysburg /

Bibliographic Details
Main Author: Montgomery, James Stuart
Format: Book
Language:English
Published: Philadelphia : Chilton Co., Book Division, [1959]
Edition:[1st ed.].
Subjects:

MARC

Tag First Indicator Second Indicator Subfields
LEADER 00000cam a2200000 4500
001 in00000720468
005 20151016062331.0
008 750611s1959 paub 00000 eng u
010 |a  59013346  
035 |a (OCoLC)01385199 
035 |9 ADD4540AM 
040 |c ORL  |d TXA  |d UtOrBLW 
049 |a TXAM  |c 1 [314582], 2 [A09118988] 
050 0 0 |a E475.53  |b .M85 
082 0 |a 973.7349 
092 |a 973.7349  |b M787s 
100 1 |a Montgomery, James Stuart. 
245 1 4 |a The shaping of a battle: Gettysburg /  |c With official maps published by the authority of the Secretary of War by the Office of the Chief of Engineers, U.S. Army. 
250 |a [1st ed.]. 
264 1 |a Philadelphia :  |b Chilton Co., Book Division,  |c [1959] 
300 |a xxxi, 259 pages :  |b maps (3 folded laid in) ;  |c 25 cm. 
336 |a text  |b txt  |2 rdacontent 
337 |a unmediated  |b n  |2 rdamedia 
338 |a volume  |b nc  |2 rdacarrier 
650 0 |a Gettysburg, Battle of, Gettysburg, Pa., 1863. 
999 |a MARS 
999 f f |s 2bb041e0-9c45-3e8d-9180-99deb9bafde0  |i 09eff65a-0e33-3297-b1ca-043db3057f51  |t 0 
952 f f |p ric  |a Texas A&M University  |b Rellis Campus  |c Joint Library Facility  |d Remote Storage  |t 0  |e E475.53 M85  |h Library of Congress classification  |i unmediated -- volume  |m A14809118988 
998 f f |a E475.53 M85  |t 0  |l Remote Storage